000 00638nam a2200217Ia 4500
005 20230109115404.0
008 131103s9999 xx 000 0 und d
020 _a70111403 7
040 _aLoreto College
041 _aEnglish
082 _a821.309
_bING
100 _aIng,Catherine
245 _aElizabethan Lyrics
_b a study in the development of English metres and their relation to poetic effect
_cCatherine Ing
260 _aLondon
_bChatto
_c1968
300 _a252 p.
504 _aIncludes bibliographical references and index
650 _aEnglish Poetry
651 _a16th Century
850 _aLCLIB
942 _cBK
999 _c13226
_d63705